00830nam a2200205 a 4500008004100000020002200041110009600063245017100159260003600330300003300366504004100399610004900440650003000489650003800519700002500557700001500582003000100597005001700598040000900615  a0854034447 (pbk.)2 aRoyal Society (Great Britain).bDiscussion Meetingd(1991 March 13-14 :cLondon, England?).14aThe physics of solar flares :bproceedings of a Royal Society Discussion Meeting held on 13 and 14 March, 1991 /corganized and edited by J. L. Culhane and C. Jordan. aLondon :bRoyal Society,c1991. ap. 325-495 :bill. ;c25 cm. aIncludes bibliographical references.20aSolar Maximum Mission (Project)vCongresses. 0aSolar flaresvCongresses. 0aNuclear astrophysicsvCongresses.1 aCulhane, J. Leonard.1 aJordan, C.20230123133556.0 cNUST